MARC

LEADER 00000nam0a2200000 4500
001 163086
005 20231031160657.0
035 |a (RuTPU)RU\TPU\book\176907 
090 |a 163086 
100 |a 20090707d1987 k y0rusy50 ca 
101 0 |a rus 
102 |a UA 
105 |a a z 001zy 
200 1 |a Капиллярные и адгезионные свойства расплавов  |f Академия наук Украинской ССР (АН УССР), Институт проблем материаловедения им И. Н. Францевича (ИПМ); под ред. Ю. В. Найдича 
210 |a Киев  |c Наукова думка  |d 1987 
215 |a 164 с.  |c ил. 
320 |a Библиография в конце статей 
610 1 |a расплавы 
610 1 |a адгезионные свойства 
610 1 |a поверхностные явления 
610 1 |a физикохимия 
610 1 |a смачиваемость 
610 1 |a капиллярные свойства 
610 1 |a жидкие фазы 
610 1 |a растекание 
610 1 |a исследование 
675 |a 669-154  |v 3 
702 1 |a Найдич  |b Ю. В.  |4 340 
712 0 2 |a Академия наук Украинской ССР (АН УССР)  |b Институт проблем материаловедения им И. Н. Францевича (ИПМ)  |c (Киев)  |2 stltpush  |3 (RuTPU)RU\TPU\col\1143 
801 1 |a RU  |b 63413507  |c 20090707  |g PSBO 
801 2 |a RU  |b 63413507  |c 20100329  |g RCR 
942 |c BK